[Event "Graz-ch"]
[Site "Graz"]
[Date "1992.??.??"]
[Round "3"]
[White "Pesorda, Ivan"]
[Black "Halsegger, Herbert"]
[Result "0-1"]
[WhiteElo "1890"]
[BlackElo "2135"]

1.d4 Nf6 2.c4 d6 3.Nc3 g6 4.e4 Bg7 5.Nf3 O-O 6.Be2 e5 7.O-O Nc6 8.d5 Ne7
9.Ne1 a5 10.Nd3 c6 11.Rb1 b5 12.cxb5 cxd5 13.exd5 Bf5 14.g4 Bd7 15.Ne1 h6
16.Be3 Qc8 17.f3 Qb7 18.Bc4 Rac8 19.b3 e4 20.Nxe4 Nexd5 21.Nxd6 Qa8 22.Bxd5 Nxd5
23.Nxc8 Nxe3 24.Ne7+ Kh7 25.Qxd7 Nxf1 26.Kxf1 Qb8 27.Rd1 Qxh2 28.Rd2 Qh1+
29.Kf2 Qh2+ 30.Ng2 Be5 31.f4 Bxf4 32.Rd3 Bg5 33.Rf3 Bh4+ 34.Ke3 Qxg2 35.Nd5 Bg5+
36.Nf4 Qxa2 37.Qd3 Re8+ 38.Kd4 Bxf4 39.Rxf4 Rd8+  0-1

[Event "Groningen op"]
[Site "Groningen"]
[Date "1992.??.??"]
[Round "5"]
[White "Shneider, Aleksandr"]
[Black "Markowski, Tomasz"]
[Result "0-1"]
[WhiteElo "2545"]
[BlackElo "2425"]

1.d4 Nf6 2.c4 g6 3.Nc3 Bg7 4.e4 d6 5.Be2 O-O 6.Nf3 e5 7.O-O Nc6 8.d5 Ne7
9.Nd2 Ne8 10.b4 f5 11.c5 Kh8 12.f3 f4 13.Nc4 g5 14.a4 h5 15.Ba3 Ng8 16.b5 Nh6
17.b6 axb6 18.cxd6 cxd6 19.Rb1 Ra6 20.Nb5 Nf7 21.Qb3 Rg8 22.Ncxd6 Nexd6 23.Nxd6 Nxd6
24.Bxa6 bxa6 25.Rfc1 b5 26.Bxd6 Qxd6 27.axb5 axb5 28.Qxb5 g4 29.Qc6 Qe7 30.Rb8 Bd7
31.Rb7 Rd8 32.Qg6 Be8 33.Rxe7 Bxg6 34.Rc6 Be8 35.Rce6 Bb5 36.fxg4 hxg4 37.Rg6 Ra8
38.g3 Ra1+ 39.Kg2 f3+  0-1

[Event "Gyor opJ"]
[Site "Gyor"]
[Date "1992.??.??"]
[Round "?"]
[White "Varga, Peter"]
[Black "Kahn, Evarth"]
[Result "1/2-1/2"]
[WhiteElo "2310"]
[BlackElo "2300"]

1.d4 Nf6 2.c4 g6 3.Nc3 Bg7 4.e4 d6 5.Nf3 O-O 6.Be2 e5 7.O-O Nc6 8.d5 Ne7
9.Ne1 Nd7 10.Nd3 f5 11.Bd2 Nf6 12.f3 f4 13.g4 g5 14.Be1 h5 15.h3 Ng6 16.Kg2 Kf7
17.Rh1 Rh8 18.Bf2 c5 19.a3 b6 20.b4 Rh6 21.bxc5 bxc5 22.Qa4 Bf8 23.Rab1 Be7
24.Qc6 Bd7 25.Qa6 Bc8  1/2-1/2

[Event "Gyor opJ"]
[Site "Gyor"]
[Date "1992.??.??"]
[Round "?"]
[White "Varga, Peter"]
[Black "Zila, Laszlo"]
[Result "1-0"]
[WhiteElo "2310"]
[BlackElo "2210"]

1.d4 Nf6 2.c4 g6 3.Nc3 Bg7 4.e4 d6 5.Nf3 O-O 6.Be2 e5 7.O-O Nc6 8.d5 Ne7
9.Ne1 Nd7 10.Nd3 f5 11.Bd2 f4 12.g4 Kh8 13.Kg2 Ng8 14.Rh1 Bf6 15.Be1 Bh4
16.b4 h5 17.h3 Rf7 18.gxh5 gxh5 19.Bxh5 Rg7+ 20.Kf1 Ndf6 21.Bg4 Bxg4 22.hxg4 Nxg4
23.Qf3 N8h6 24.Ke2 Rh7 25.Bd2 Qe7 26.Rag1 Rg8 27.Rh3 Rg6 28.Qh1 f3+ 29.Rxf3 Bg5
30.Bxg5 Rxg5 31.Rh3 Qg7 32.Nd1 Nf6 33.Rxg5 Qxg5 34.Ne3 Qg6 35.f3 Nf7 36.Nf5 Ng5
37.Rxh7+ Ngxh7 38.Qh6 Qxh6 39.Nxh6 Nh5 40.c5 Ng5 41.Nf5 Nf7 42.Ke3 Kh7 43.b5 Kg6
44.Ne7+ Kf6 45.Nc8 a5 46.cxd6 Nxd6 47.Nxd6 cxd6 48.Nb2 Ke7 49.Nc4  1-0

[Event "Gyor opJ"]
[Site "Gyor"]
[Date "1992.??.??"]
[Round "?"]
[White "Trisic, Alexandar"]
[Black "Zila, Laszlo"]
[Result "0-1"]
[WhiteElo "2235"]
[BlackElo "2210"]

1.d4 Nf6 2.c4 g6 3.Nc3 Bg7 4.e4 d6 5.Nf3 O-O 6.Be2 e5 7.O-O Nc6 8.d5 Ne7
9.Ne1 Nd7 10.Nd3 f5 11.Bd2 Nb6 12.Qb3 fxe4 13.Nxe4 Nf5 14.Bc3 Nd7 15.Rae1 Nf6
16.Ng3 b6 17.Nxf5 gxf5 18.f4 Ne4 19.fxe5 dxe5 20.Bxe5 Bxe5 21.Nxe5 Qd6 22.Nd3 Nd2
23.Qc3 Nxf1 24.Rxf1 Bd7 25.Rf3 Qf6 26.Ne5 Be8 27.g4 Qg7 28.Kh1 Bg6 29.Nxg6 hxg6
30.g5 Rae8 31.Qxg7+ Kxg7 32.Bd3 Rh8 33.Kg1 Rh5 34.Rg3 Re5  0-1

[Event "Gyor opJ"]
[Site "Gyor"]
[Date "1992.??.??"]
[Round "?"]
[White "Trisic, Alexandar"]
[Black "Kahn, Evarth"]
[Result "0-1"]
[WhiteElo "2235"]
[BlackElo "2300"]

1.d4 Nf6 2.c4 g6 3.Nc3 Bg7 4.e4 d6 5.Nf3 O-O 6.Be2 e5 7.O-O Nc6 8.d5 Ne7
9.Ne1 Nd7 10.Nd3 f5 11.Bd2 Nb6 12.b3 fxe4 13.Nxe4 Bf5 14.Bf3 c6 15.Rc1 Nbxd5
16.cxd5 cxd5 17.Qe2 dxe4 18.Bxe4 Qb6 19.Nb4 Kh8 20.Nd5 Nxd5 21.Bxd5 Qd4 22.Bxb7 Bd3
23.Qe3 Rab8 24.Qxd4 exd4 25.Rc7 Bxf1 26.Kxf1 Rf5 27.Ba6 Rc5 28.Rxa7 Rc2 29.Bf4 Rxa2
30.Bxd6 Rd8 31.Be7 Re8 32.g3 d3 33.Bb4 d2  0-1

[Event "Hamburg op"]
[Site "Hamburg"]
[Date "1992.??.??"]
[Round "4"]
[White "Mueller, Achim"]
[Black "Joecks, Christian"]
[Result "1/2-1/2"]
[WhiteElo "2260"]
[BlackElo "2375"]

1.d4 Nf6 2.c4 g6 3.Nf3 Bg7 4.Nc3 d6 5.e4 O-O 6.Be2 e5 7.O-O Nc6 8.d5 Ne7
9.Nd2 a5 10.a3 Nd7 11.Rb1 f5 12.b4 Kh8 13.Qc2 Ng8 14.Nb5 axb4 15.axb4 Ndf6
16.Bd3 Ne7 17.Bb2 Bh6 18.f4 fxe4 19.fxe5 exd3 20.exf6 dxc2 21.fxe7+ Kg8 22.Rxf8+ Qxf8
23.exf8=Q+ Kxf8 24.Rf1+ Kg8 25.Nxc7 Ra2 26.Bc1 Be3+ 27.Kh1 Bf5 28.Re1 Bf2
29.Re2 Ra1 30.Nb3 Rb1 31.Rxf2 Rxb3 32.Ne6 Rd3 33.Rf1 Rd1 34.Rg1 b6 35.h3 Bd3
36.Nd4 Kf7 37.Nb5 Ke7 38.Nc3 Bf1 39.Bg5+ Kd7 40.Ne4 Bxc4 41.Kh2 Bxd5 42.Nc3 Bb3
43.Nxd1 cxd1=Q 44.Rxd1 Bxd1 45.Kg3 Kc6 46.Be7 d5 47.Kf2 Kb5 48.h4 Kc4 49.Ke1 Bg4
50.Kd2  1/2-1/2

[Event "Hamburg op"]
[Site "Hamburg"]
[Date "1992.??.??"]
[Round "6"]
[White "Klingelhoefer, Stefan"]
[Black "Anka, Emil"]
[Result "1/2-1/2"]
[WhiteElo "2345"]
[BlackElo "2370"]

1.d4 Nf6 2.c4 g6 3.Nc3 Bg7 4.e4 d6 5.Be2 O-O 6.Nf3 e5 7.O-O Nc6 8.d5 Ne7
9.Nd2 a5 10.a3 Bd7 11.b3 Ne8 12.Rb1 f5 13.b4 axb4 14.axb4 Kh8 15.c5 Ng8 16.f3 Ngf6
17.Nc4 Nh5 18.g3 Nef6 19.Rf2 fxe4 20.fxe4 Bh3 21.Bg5 h6 22.Bxh5 gxh5 23.Bxf6 Rxf6
24.Qxh5 Rxf2 25.Kxf2 Bd7 26.Kg2 dxc5 27.bxc5 Qe7 28.d6 Qe6 29.Qe2 Rc8 30.Rxb7 cxd6
31.Rxd7 Qxd7 32.Nb6 Qc6 33.Nxc8 Qxc8 34.Qc4 Qxc5 35.Qxc5 dxc5 36.Kf3 Kg8
37.Ke3 Kf7 38.Kd3 Kg6 39.Kc4 Kg5 40.h3 h5 41.Ne2 Bf8 42.Ng1 Kf6 43.Kd5 Bh6
44.Nf3 c4 45.Kxc4 Bc1 46.Kd5 Bb2 47.Ne1 Bc3 48.Nd3 Bd4 49.Kd6 Bc3 50.Nc5 Be1
51.Nd7+ Kg5 52.g4 hxg4 53.hxg4 Kxg4 54.Nxe5+ Kh5 55.Ke6 Bc3 56.Kd5 Kg5 57.Nf3+ Kf6
58.Kc4 Ba1 59.Ne1 Ke5 60.Kd3 Ke6 61.Nc2 Bh8 62.Nd4+ Bxd4 63.Kxd4 Kd6 64.e5+ Ke6
65.Ke4 Ke7 66.Kd5 Kd7 67.Kc5 Ke6 68.Kd4 Ke7 69.Kd5 Kd7 70.e6+ Ke7 71.Ke5 Ke8
72.Kd6 Kd8 73.e7+ Ke8 74.Ke6  1/2-1/2

[Event "Hamburg op"]
[Site "Hamburg"]
[Date "1992.??.??"]
[Round "7"]
[White "Stanke, Juergen"]
[Black "Maiwald, Jens Uwe"]
[Result "0-1"]
[WhiteElo "2240"]
[BlackElo "2375"]

1.c4 g6 2.d4 Nf6 3.Nc3 Bg7 4.e4 d6 5.Be2 O-O 6.Nf3 e5 7.O-O Nc6 8.d5 Ne7
9.b4 Nh5 10.c5 f5 11.Qb3 h6 12.exf5 Nxf5 13.Ne4 Nf4 14.Bxf4 exf4 15.Rad1 g5
16.g4 fxg3 17.hxg3 Qe7 18.Qc4 Bd7 19.Rfe1 Rae8 20.Bf1 Qf7 21.Bg2 Qg6 22.Nc3 g4
23.Rxe8 Bxe8 24.Nh2 Nxg3 25.Rc1 Qg5 26.Rc2 Bg6 27.Ne4 Nxe4 28.Bxe4 g3 29.Nf3 gxf2+
30.Kxf2 Qh4+  0-1

[Event "Hamburg op"]
[Site "Hamburg"]
[Date "1992.??.??"]
[Round "8"]
[White "Panzer, Peter"]
[Black "Sawatzki, Frank"]
[Result "1-0"]
[WhiteElo "2340"]
[BlackElo "2260"]

1.d4 Nf6 2.c4 g6 3.Nc3 Bg7 4.e4 d6 5.Nf3 O-O 6.Be2 e5 7.O-O Nc6 8.d5 Ne7
9.Bg5 Nh5 10.g3 h6 11.Bd2 f5 12.exf5 Bxf5 13.Re1 Nf6 14.Nh4 Bh3 15.Bd3 g5
16.Ng6 Nxg6 17.Bxg6 c6 18.Qb3 cxd5 19.cxd5 Ng4 20.Ne4 Nxf2 21.Nxf2 Rxf2 22.Kxf2 Qf6+
23.Kg1 Qxg6 24.Re3 Rf8 25.Rf3 Qe4 26.Kf2 Qd4+ 27.Be3 Rxf3+ 28.Kxf3 Qg4+ 29.Kf2 Qf5+
30.Ke2 Bg4+ 31.Kd2 b6 32.Qc4 Bf3 33.Rc1 Kh7 34.Qc8 Qf7 35.Qe6 Bxd5 36.Qxf7 Bxf7
37.Rc7 Bxa2 38.Rxa7 Bc4 39.Bxb6 d5 40.b4 Kg6 41.Bc5 d4 42.Rb7 g4 43.b5 Bf6
44.b6 Bg5+ 45.Ke1 Bb5 46.Rg7+ Kxg7 47.b7 d3 48.Bb4  1-0

[Event "Helsinki op"]
[Site "Helsinki"]
[Date "1992.??.??"]
[Round "3"]
[White "Lputian, Smbat G"]
[Black "Frolov, Artur"]
[Result "1-0"]
[WhiteElo "2585"]
[BlackElo "2510"]

1.d4 Nf6 2.c4 g6 3.Nc3 Bg7 4.e4 d6 5.Be2 O-O 6.Nf3 e5 7.O-O Nc6 8.d5 Ne7
9.Nd2 a5 10.a3 Nd7 11.Rb1 f5 12.b4 Kh8 13.Qc2 b6 14.Kh1 Ng8 15.exf5 gxf5
16.f4 Ndf6 17.fxe5 dxe5 18.Nf3 axb4 19.axb4 Ng4 20.Ng5 h6 21.Bxg4 hxg5 22.Bxf5 e4
23.g4 Nh6 24.Nxe4 Nxf5 25.Bxg5 Ne7 26.Nf6 Nf5 27.Nh7 Nd4 28.Qg6 Bxg4 29.Bxd8 Rxf1+
30.Rxf1 Bf3+ 31.Rxf3 Nxf3 32.Bf6  1-0

[Event "Helsinki op"]
[Site "Helsinki"]
[Date "1992.??.??"]
[Round "3"]
[White "Shneider, Aleksandr"]
[Black "Gufeld, Eduard"]
[Result "1/2-1/2"]
[WhiteElo "2545"]
[BlackElo "2485"]

1.d4 Nf6 2.c4 g6 3.Nc3 Bg7 4.e4 d6 5.Nf3 O-O 6.Be2 e5 7.O-O Nc6 8.d5 Ne7
9.b4 Nh5 10.c5 Nf4 11.Bxf4 exf4 12.Qb3 Bg4 13.Rad1 Bxf3 14.Bxf3 g5 15.Bh5 Ng6
16.Bxg6 hxg6 17.Nb5 Re8 18.Rfe1 a6 19.Na3 g4 20.Nc4 Be5 21.f3 Qh4 22.fxg4 Qxg4
23.Rf1 Re7 24.Qf3 Qxf3 25.gxf3 Kg7 26.Kg2 Rh8 27.Rf2 Rh5 28.Re2 Re8 29.Kh1 Reh8
30.Kg1 Re8 31.cxd6 cxd6 32.Rde1  1/2-1/2

[Event "Helsinki op"]
[Site "Helsinki"]
[Date "1992.??.??"]
[Round "5"]
[White "Shneider, Aleksandr"]
[Black "Ragozin, Evgeni"]
[Result "1/2-1/2"]
[WhiteElo "2545"]
[BlackElo "2505"]

1.d4 Nf6 2.Nf3 g6 3.c4 Bg7 4.Nc3 O-O 5.e4 d6 6.Be2 e5 7.O-O Nc6 8.d5 Ne7
9.Nd2 a5 10.b3 Nd7 11.Ba3 Nc5 12.Bxc5 dxc5 13.Nf3 Bd7 14.Ne1 Nc8 15.Nd3 b6
16.Qd2 Qe7 17.Rae1 Nd6 18.Bd1 f6 19.f4 Bh6 20.g3 Rae8 21.Bf3 Qd8 22.Qd1 Qc8
23.a4 Bg7 24.Qd2 Bh6 25.Bg2 Re7 26.Qe2 Rfe8 27.fxe5 fxe5 28.Nb5 Bg5 29.h4 Bh6
30.Kh1 Rf8 31.Rxf8+ Bxf8 32.Rf1 Bg7 33.Qd1 h6 34.Kg1 Rf7 35.Kh2 Rxf1 36.Qxf1 Qd8
37.Nf2 Bxb5 38.cxb5 Qf6 39.Qe2 h5 40.Bh3 Bh6 41.Kg2 Kh7 42.Be6 Qf8 43.Nh3 Bg7
44.Ng1 Bh6 45.Nf3 Qf6  1/2-1/2

[Event "Helsinki op"]
[Site "Helsinki"]
[Date "1992.??.??"]
[Round "5"]
[White "Lputian, Smbat G"]
[Black "Kuzmin, Gennadi P"]
[Result "1-0"]
[WhiteElo "2585"]
[BlackElo "2530"]

1.d4 Nf6 2.Nf3 g6 3.c4 Bg7 4.Nc3 O-O 5.e4 d6 6.Be2 e5 7.O-O Nc6 8.d5 Ne7
9.Nd2 a5 10.a3 Bd7 11.Rb1 a4 12.b4 axb3 13.Rxb3 b6 14.a4 Be8 15.Ra3 Nd7 16.Nb3 f5
17.f3 Nf6 18.Be3 h6 19.a5 bxa5 20.Nxa5 g5 21.c5 Bg6 22.Nb7 Qd7 23.c6 Qc8
24.Rxa8 Qxa8 25.Bd3 Kh8 26.Qc2 g4 27.Nb5 Qe8 28.N7xd6 cxd6 29.Nxd6 Qa8 30.c7 gxf3
31.gxf3 fxe4 32.fxe4 Rg8 33.h3 Nc8 34.Nb5 Be8 35.Kh2 Qa5 36.Qc3 Qa2+ 37.Rf2 Qa4
38.Qc4 Qxc4 39.Bxc4 Nxe4 40.Rc2 Bd7 41.d6 Rf8 42.Bd5 Rf3 43.Bxe4 Rxe3 44.Bc6 Re2+
45.Rxe2 Bxc6 46.Rd2 Bd7 47.Nc3 e4 48.Nxe4 Be5+ 49.Kg2 Kg7 50.Rd5 Bf4 51.Nc5  1-0

[Event "Helsinki op"]
[Site "Helsinki"]
[Date "1992.??.??"]
[Round "6"]
[White "Gurevich, Mikhail"]
[Black "Kuzmin, Gennadi P"]
[Result "1/2-1/2"]
[WhiteElo "2625"]
[BlackElo "2530"]

1.d4 d6 2.Nf3 g6 3.c4 Bg7 4.Nc3 Nf6 5.e4 O-O 6.Be2 e5 7.O-O Nc6 8.d5 Ne7
9.Nd2 a5 10.a3 Bd7 11.b3 c6 12.Rb1 Qc7 13.Bb2 Nc8 14.Kh1 Re8 15.f4 Qd8 16.Qc2 Bg4
17.fxe5 Rxe5 18.Rxf6 Bxe2 19.Rf2 Bg4 20.Rbf1 Rh5 21.Ne2 Bxb2 22.Qxb2 Bxe2
23.Rxe2 Nb6 24.Qf6 Qxf6 25.Rxf6 a4 26.b4 cxd5 27.exd5 Rc8 28.g4 Rh3 29.c5 Nxd5
30.Rxd6 Nf4 31.Rf2 g5 32.Nf3 Re8 33.Rd1 h6 34.b5 Rc8 35.c6 bxc6 36.b6 Rb8
37.Rb1 Nd5 38.Rff1  1/2-1/2

[Event "Helsinki op"]
[Site "Helsinki"]
[Date "1992.??.??"]
[Round "6"]
[White "Dokhoian, Yury"]
[Black "Velikhanli, Firuza"]
[Result "1-0"]
[WhiteElo "2505"]
[BlackElo "2230"]

1.d4 Nf6 2.c4 g6 3.Nc3 Bg7 4.e4 d6 5.Be2 O-O 6.Nf3 e5 7.O-O Nc6 8.d5 Ne7
9.Nd2 a5 10.a3 Nd7 11.Rb1 f5 12.b4 Kh8 13.f3 Ng8 14.Qc2 axb4 15.axb4 Bh6
16.Nb5 Ndf6 17.c5 Nh5 18.Nc4 Bd7 19.Nc3 Bxc1 20.Rfxc1 Ngf6 21.b5 fxe4 22.fxe4 dxc5
23.Nxe5 Qe7 24.Nc4 Rae8 25.Re1 Nf4 26.Bf3 Ng4 27.Bxg4 Bxg4 28.Ne3 Bd7 29.Rbd1 Qg5
30.Kh1 Rf7 31.Rd2 Nh5 32.Rf2 Ref8 33.Rxf7 Rxf7 34.Qd2 Nf6 35.Nc4 Qh4 36.Ne5 Re7
37.Nf3 Qh5 38.e5 Ng4 39.d6 cxd6 40.Qxd6 Rf7 41.e6 Nf2+ 42.Kg1 Nh3+ 43.gxh3 Bxe6
44.Rxe6 Qxf3 45.Qe5+  1-0

[Event "Helsinki op"]
[Site "Helsinki"]
[Date "1992.??.??"]
[Round "9"]
[White "Lputian, Smbat G"]
[Black "Van Wely, Loek"]
[Result "1-0"]
[WhiteElo "2585"]
[BlackElo "2525"]

1.d4 Nf6 2.c4 g6 3.Nc3 Bg7 4.e4 d6 5.Nf3 O-O 6.Be2 e5 7.O-O Nc6 8.d5 Ne7
9.Nd2 a5 10.a3 Nd7 11.Rb1 f5 12.b4 Kh8 13.Qc2 Ng8 14.exf5 gxf5 15.f4 Ne7
16.Nf3 e4 17.Ne1 axb4 18.axb4 c6 19.Be3 Nf6 20.dxc6 bxc6 21.Qd2 Be6 22.Nc2 Qc7
23.Rfd1 Rfd8 24.Ra1 Rxa1 25.Rxa1 c5 26.Nb5 Qb8 27.Ra6 Ne8 28.bxc5 dxc5 29.Qa5 Bd7
30.Rb6 Qc8 31.Na7 Qc7 32.Qxc5 Qxc5 33.Bxc5 Ng6 34.g3 Ba4 35.Ne3 Rd2 36.Kf1 Bd7
37.Nb5 Nf8 38.Rb8 Ne6 39.Be7 Nd4 40.Bh5 Nf3 41.Nd6 Nxh2+ 42.Ke1 Bc3 43.Bf6+  1-0

[Event "Hermanos Saiz"]
[Site "Hermanos Saiz"]
[Date "1992.??.??"]
[Round "?"]
[White "Otero, Evelio"]
[Black "Diaz Perez, Jose David"]
[Result "1/2-1/2"]
[WhiteElo "2365"]
[BlackElo "2275"]

1.d4 Nf6 2.Nf3 g6 3.c4 Bg7 4.Nc3 O-O 5.e4 d6 6.Be2 e5 7.O-O Nc6 8.Be3 Re8
9.dxe5 dxe5 10.h3 Nd7 11.c5 Nf8 12.Qxd8 Rxd8 13.Nd5 Ne6 14.Ng5 Ncd4 15.Bg4 f5
16.Nxe6 Bxe6 17.Nxc7 fxg4 18.Bxd4 Bd7 19.Be3 Rab8 20.hxg4 Bxg4 21.f3 Bd7
22.Rfd1 Bf6 23.Nd5 Kf7 24.Rd2 Bc6 25.Rad1 h5 26.Kf2 Rbc8 27.Nxf6 Rxd2+ 28.Rxd2 Kxf6
29.Rd6+ Kf7 30.Kg3 Re8 31.Kh4 Re6 32.Rd1 Re7 33.Kg5 Rd7 34.Re1 Rd3 35.g3 a5
36.g4 hxg4 37.Kxg4 Bd7+ 38.Kg3 a4 39.Bg5 Be6 40.Rh1 Kg7 41.Be7 Bd7 42.Bd6 Kf6
43.Rh7 Bc6  1/2-1/2

[Event "Oberliga Hessen"]
[Site "Hessen"]
[Date "1992.??.??"]
[Round "?"]
[White "Neidhardt, Claus Ulrich"]
[Black "Kersten, Uwe"]
[Result "1-0"]
[WhiteElo "2335"]
[BlackElo "2325"]

1.d4 Nf6 2.c4 g6 3.Nc3 Bg7 4.Nf3 O-O 5.e4 d6 6.Be2 e5 7.O-O Nc6 8.Be3 Ng4
9.Bg5 f6 10.Bc1 Nxd4 11.Nxd4 exd4 12.Qxd4 f5 13.Qd5+ Kh8 14.Bxg4 fxg4 15.Be3 c6
16.Qd3 Be6 17.Rad1 Be5 18.Bd4 Qh4 19.Bxe5+ dxe5 20.b3 Qe7 21.Qg3 Qc7 22.c5 Rae8
23.Rd6 Bc8 24.Qe3 Kg7 25.Rfd1 Rf4 26.b4 h6 27.b5 Ref8 28.R1d2 R4f7 29.b6 axb6
30.cxb6 Qe7 31.Na4 Rxf2 32.Rxf2 Rxf2 33.Rxc6 Bd7 34.Rc1 Rf7 35.Nc3 Qa3 36.Qd2 Bc6
37.Nd5 Qa4 38.Re1 Qa3 39.Qc3 Qd6 40.Qb4 Qd7 41.Qc5 Bxd5 42.exd5 Qf5 43.d6 Kh7
44.Qe3 h5 45.Qe2 e4 46.Rc1 Qe5 47.Qc4 Rd7 48.Qc7 Qd4+ 49.Kh1 Rxc7 50.bxc7 e3
51.c8=Q e2 52.Qc7+ Kh6 53.Re1 Qf2 54.Qc1+  1-0

[Event "HUN-chT"]
[Site "HUN"]
[Date "1992.??.??"]
[Round "?"]
[White "Halasz, Tamas"]
[Black "Portisch, Ferenc"]
[Result "1/2-1/2"]
[WhiteElo "2400"]
[BlackElo "2410"]

1.d4 Nf6 2.c4 g6 3.Nc3 Bg7 4.e4 d6 5.Be2 O-O 6.Nf3 e5 7.O-O Nc6 8.d5 Ne7
9.Ne1 Nd7 10.Nd3 f5 11.Bd2 fxe4 12.Nxe4 Nf5 13.f3 Nf6 14.Ndf2 c6 15.Bg5 cxd5
16.cxd5 Qb6  1/2-1/2

[Event "HUN-chT"]
[Site "HUN"]
[Date "1992.??.??"]
[Round "?"]
[White "Hardicsay, Peter"]
[Black "Kosztolanczi, Gyula"]
[Result "1/2-1/2"]
[WhiteElo "2355"]
[BlackElo "2330"]

1.c4 Nf6 2.Nc3 g6 3.e4 d6 4.d4 Bg7 5.Be2 O-O 6.Nf3 e5 7.O-O Nc6 8.Be3 Bg4
9.d5 Ne7 10.Ne1 Bxe2 11.Qxe2 Nh5 12.Nd3 f5 13.f3 f4 14.Bf2 g5 15.c5 Rf6 16.Rfc1 Rc8
17.cxd6 cxd6 18.Bxa7 Rg6 19.Nb5 Nf6 20.Nf2 h5 21.h3 Bh6 22.Kf1  1/2-1/2

[Event "HUN-chT"]
[Site "HUN"]
[Date "1992.??.??"]
[Round "?"]
[White "Kiss, Pal"]
[Black "Deak, Sandor"]
[Result "0-1"]
[WhiteElo "2410"]
[BlackElo "2375"]

1.d4 Nf6 2.c4 g6 3.Nc3 Bg7 4.e4 d6 5.Nf3 O-O 6.Be2 e5 7.O-O Nc6 8.d5 Ne7
9.Ne1 Ne8 10.f3 f5 11.g4 Kh8 12.Kh1 Ng8 13.Rg1 Nh6 14.Nd3 Nf7 15.a3 fxg4
16.fxg4 Bf6 17.Be3 Bg5 18.Qd2 h6 19.Raf1 Kg7 20.Bxg5 Qxg5 21.Qxg5 Nxg5 22.h4 Rxf1
23.Rxf1 Nf7 24.Kg2 Nf6 25.Nf2 Bd7 26.Rc1 a5 27.b3 Rc8 28.Kg3 Kf8 29.Ncd1 c6
30.Nc3 cxd5 31.Nxd5 Nxd5 32.exd5 b6 33.Ne4 Ke7 34.Rf1 Rf8 35.Rf6 Rg8 36.Rf1 Rf8
37.Bd3 h5 38.g5 Bf5 39.Kf3 Bh3 40.Rg1 Nxg5+ 41.Ke2 Nxe4 42.Bxe4 Rf4 43.Bxg6 Rxh4
44.Ke3 Bg4 45.Rf1 Rh3+ 46.Kd2 Rf3 47.Rh1 Rxb3 48.Bxh5 Rh3 49.Rxh3 Bxh3 50.Be2 Kf6
51.Ke3 Bf5 52.Bf3 Kg5 53.Bd1 Bh3 54.Be2 Bg2 55.Kf2 Bh1 56.Ke3 Kf6 57.Bd1 Ke7
58.Ba4 Bg2 59.Kf2 Bh3 60.Bc2 Kd8 61.Bd3 Kc7 62.a4 Bg4 63.Bc2 Kd7 64.Ke3 Ke7
65.Bb3 Kf6 66.Bc2 Bf5 67.Bd1 Bb1 68.Bb3 Kf5 69.Bd1 e4 70.Bb3 Ke5 71.Bd1 Ba2
72.Bc2 Bxc4 73.Bxe4 Bb3  0-1

[Event "HUN-chT"]
[Site "HUN"]
[Date "1992.??.??"]
[Round "3"]
[White "Sinkovics, Peter"]
[Black "Forgacs, Gyula"]
[Result "1/2-1/2"]
[WhiteElo "2335"]
[BlackElo "2310"]

1.d4 Nf6 2.Nf3 g6 3.c4 Bg7 4.Nc3 O-O 5.e4 d6 6.Be2 e5 7.O-O Nc6 8.d5 Ne7
9.Nd2 c5 10.Rb1 Ne8 11.a3 f5 12.b4 b6 13.Nb3 Nf6 14.f3 f4 15.g4 g5 16.Bd2 h5
17.h3 Kf7 18.bxc5 dxc5 19.Be1 hxg4 20.hxg4 Rh8 21.Kg2 Ng6 22.Bf2 Bf8 23.Rh1 Bd6
24.Qc2 Nh4+ 25.Bxh4 gxh4 26.Nd1 h3+ 27.Kh2 Qg8 28.Rg1 Qg5 29.Nc3 Bd7 30.Nc1 Rh4
31.Nd3 Ke7 32.Nf2 Rg8 33.Qd2 Rhh8 34.Bd3 Qh4 35.Qe2 Nh5 36.Nh1 Nf6 37.Nf2 Nh5  1/2-1/2

[Event "HUN-chT"]
[Site "HUN"]
[Date "1992.??.??"]
[Round "12"]
[White "Gyimesi, Zoltan"]
[Black "Bokor, Istvan"]
[Result "1/2-1/2"]
[WhiteElo "2230"]
[BlackElo "2260"]

1.d4 Nf6 2.c4 g6 3.Nc3 Bg7 4.e4 d6 5.Nf3 O-O 6.Be2 e5 7.O-O Nc6 8.d5 Ne7
9.Ne1 Nd7 10.Nd3 f5 11.Bd2 Nf6 12.f3 c6 13.b4 cxd5 14.cxd5 f4 15.g4 g5 16.Be1 Ng6
17.Bf2 h5 18.h3 Rf7 19.Nb5 a6 20.Na3 hxg4 21.hxg4 b6 22.Nc4 Rb7 23.a4 Rab8
24.a5 b5 25.Nb6 Bd7 26.Nxd7 Qxd7 27.Rc1 Rc8 28.Qd2 Rbc7 29.Rxc7 Rxc7 30.Rc1 Ne7
31.Rxc7 Qxc7 32.Nb2 Nd7 33.Nd1 Bf6 34.Qc3 Qb7 35.Qd3 Nc8 36.Kg2 Bd8 37.Nc3 Na7
38.Qc2 Bc7 39.Bxa7 Qxa7 40.Bxb5 Nf6 41.Be2 Kf7 42.Nd1 Ke7 43.Qc6 Nd7 44.Qxa6 Qd4
45.Qc4 Qa7 46.Nc3 Bb8 47.Qd3 Qc7 48.Qd2 Qd8 49.Nb5 Qc8 50.Qc3 Qh8 51.Qe1 Qc8
52.Qf2 Kf6 53.Bd3 Ke7 54.Qg1 Nf6 55.Qd1 Kf7 56.Qc2 Qh8 57.a6 Nxg4 58.fxg4 Qh4
59.Be2 Qg3+ 60.Kf1 Qh3+ 61.Ke1 Qg3+ 62.Kd2 Qe3+ 63.Ke1 Qg3+ 64.Kf1 Qh3+  1/2-1/2

[Event "HUN-chT"]
[Site "HUN"]
[Date "1992.??.??"]
[Round "13"]
[White "Dudas, Janos"]
[Black "Kahn, Evarth"]
[Result "1-0"]
[WhiteElo "2295"]
[BlackElo "2255"]

1.d4 Nf6 2.Nf3 g6 3.c4 Bg7 4.Nc3 O-O 5.e4 d6 6.Be2 e5 7.O-O Nc6 8.d5 Ne7
9.Ne1 Nd7 10.f3 f5 11.g4 Kh8 12.Nd3 Ng8 13.Be3 Bh6 14.Bf2 Bg5 15.Qe1 b6 16.b4 a5
17.a3 axb4 18.axb4 Rxa1 19.Qxa1 fxg4 20.fxg4 Bh4 21.Bxh4 Rxf1+ 22.Qxf1 Qxh4
23.Qf2 Qg5 24.Bd1 Ba6 25.h4 Qf6 26.Qxf6+ Ndxf6 27.g5 Nxe4 28.b5 Bxb5 29.Nxb5 Nd2
30.Nb2 Ne7 31.Nxc7 Nf5 32.h5 Ne3 33.Be2 Ne4 34.Ne6 gxh5 35.Bxh5 h6 36.gxh6 Kh7
37.Be2 Nc3 38.Kf2 Nexd5 39.cxd5 Nxd5 40.Ng5+ Kxh6 41.Nf7+ Kg7 42.Nxd6 Kf6
43.Bc4 Nf4 44.Ke3 Ne6 45.Na4 Nd4 46.Nxb6 Ke7 47.Nb5 Nf5+ 48.Ke4 Nd6+ 49.Nxd6 Kxd6
50.Bd3 Ke6 51.Nc4 Kf6 52.Kd5 Kg5 53.Kxe5 Kh6 54.Kf5 Kg7 55.Kg5 Kf7 56.Be4 Kg7
57.Bg6 Kg8 58.Kf6 Kf8 59.Ne5 Kg8 60.Nf7 Kf8 61.Bh7 Ke8 62.Ne5 Kd8 63.Ke6 Kc7
64.Nd7 Kc6 65.Bd3 Kc7 66.Be4 Kd8 67.Kd6 Kc8 68.Nc5 Kd8 69.Bg6 Kc8 70.Bf7 Kd8
71.Nb7+ Kc8 72.Kc6 Kb8 73.Kb6 Kc8 74.Be6+ Kb8 75.Nc5 Ka8 76.Bd7  1-0

[Event "Iraklion op"]
[Site "Iraklion"]
[Date "1992.??.??"]
[Round "9"]
[White "Maksimovic, Branimir"]
[Black "Georgiev, Krum"]
[Result "0-1"]
[WhiteElo "2345"]
[BlackElo "2505"]

1.Nf3 Nf6 2.d4 g6 3.c4 Bg7 4.Nc3 O-O 5.e4 d6 6.Be2 e5 7.O-O Nc6 8.d5 Ne7
9.Ne1 Nd7 10.Nd3 f5 11.Bd2 Rf7 12.exf5 gxf5 13.f4 Ng6 14.Qc2 Qe7 15.fxe5 Ndxe5
16.Rae1 Nxc4 17.Bh5 Nce5 18.Nf4 Qf6 19.Ne4 fxe4 20.Nxg6 Nf3+ 21.Bxf3 Bf5
22.Bc3 exf3 23.Bxf6 Bxc2 24.Ne7+ Rxe7 25.Bxe7 Bd4+ 26.Kh1 f2 27.Re2 Bd3 28.Rfxf2 Bxf2  0-1

[Event "Karvina op"]
[Site "Karvina"]
[Date "1992.??.??"]
[Round "6"]
[White "Kachur, Alexander"]
[Black "Hait, Alexander"]
[Result "0-1"]
[WhiteElo "2315"]
[BlackElo "2435"]

1.d4 Nf6 2.Nf3 g6 3.c4 Bg7 4.Nc3 O-O 5.e4 d6 6.Be2 e5 7.O-O Nc6 8.d5 Ne7
9.b4 a5 10.bxa5 Rxa5 11.Nd2 Ne8 12.Nb3 Ra8 13.a4 f5 14.f3 Kh8 15.Qc2 Ng8
16.c5 Ngf6 17.Nb5 Nh5 18.g3 f4 19.g4 Nhf6 20.Rf2 Rf7 21.Bd2 Bf8 22.h3 h6
23.a5 Nh7 24.c6 Be7 25.Nc3 Bh4 26.Be1 bxc6 27.dxc6 Bg3 28.Bf1 Qh4 29.Nd2 Ng5
30.Nd5 Ba6 31.Nc4 h5 32.Nb4 Bb5 33.a6 hxg4 34.fxg4 Rh7 35.Rh2 Bxe1  0-1

[Event "Katerini op"]
[Site "Katerini"]
[Date "1992.??.??"]
[Round "?"]
[White "Groszpeter, Attila"]
[Black "Gelfer, Israel"]
[Result "1-0"]
[WhiteElo "2520"]
[BlackElo "2355"]

1.d4 Nf6 2.c4 g6 3.Nc3 Bg7 4.e4 d6 5.Nf3 O-O 6.Be2 e5 7.O-O Nc6 8.Be3 Re8
9.dxe5 dxe5 10.c5 Ng4 11.Bg5 f6 12.Bd2 Kh8 13.Qc1 f5 14.Bg5 Nf6 15.Rd1 Qe7
16.Nd5 Qf7 17.Bc4 Be6 18.Nxf6 Bxf6 19.Bd5 Nd8 20.Qc3 Bxg5 21.Nxg5 Qf6 22.f4 c6
23.Nxe6 Nxe6 24.fxe5 Qe7 25.Bxe6 Qxe6 26.exf5 gxf5 27.Re1 Rad8 28.Rad1 Rxd1
29.Rxd1 Qxe5 30.Re1  1-0

[Event "Katowice op"]
[Site "Katowice"]
[Date "1992.??.??"]
[Round "1"]
[White "Sherbakov, Ruslan"]
[Black "Bliumberg, Vladislav"]
[Result "1-0"]
[WhiteElo "2495"]
[BlackElo "2260"]

1.d4 Nf6 2.c4 g6 3.Nc3 Bg7 4.e4 d6 5.Be2 O-O 6.Nf3 e5 7.O-O Nc6 8.d5 Ne7
9.Nd2 a5 10.a3 Bd7 11.Ra2 a4 12.b4 axb3 13.Nxb3 b6 14.a4 Nh5 15.g3 f5 16.f3 Kh8
17.Rf2 fxe4 18.fxe4 Rxf2 19.Kxf2 Ng8 20.Kg2 Qf6 21.Nb5 Rf8 22.Qg1 c6 23.Nc7 c5
24.a5 bxa5 25.Rxa5 Bh6 26.Ra6 Bxc1 27.Nxc1 Nh6 28.Nd3 Nf7  1-0

[Event "Katowice op"]
[Site "Katowice"]
[Date "1992.??.??"]
[Round "1"]
[White "Ikonnikov, Vyacheslav"]
[Black "Kulagin, Alexander"]
[Result "1-0"]
[WhiteElo "2490"]
[BlackElo "2250"]

1.d4 Nf6 2.Nf3 g6 3.c4 Bg7 4.Nc3 O-O 5.e4 d6 6.Be2 e5 7.O-O Nc6 8.d5 Ne7
9.Ne1 Nd7 10.Be3 f5 11.f3 f4 12.Bf2 g5 13.a4 Rf7 14.Nb5 a6 15.Na7 Nf6 16.Nxc8 Qxc8
17.c5 g4 18.Nd3 g3 19.Be1 gxh2+ 20.Kxh2 Ng6 21.Rh1 Bf8 22.Rc1 Qd8 23.Kg1 Rg7
24.b4 Ne8 25.Nf2 Qg5 26.Rh2 h5 27.a5 Nh8 28.Bd3 Nf7 29.c6 bxc6 30.Rxc6 Nh6
31.Rxa6 Rb8 32.Rc6 Nf6 33.Qc1 Nhg4 34.fxg4 hxg4 35.Nd1 g3 36.Rh3 Qg4 37.Qd2 Qg6
38.Qe2 Qg4 39.Qf3 Rh7 40.Rxh7 Kxh7 41.Rxc7+ Bg7 42.b5  1-0

[Event "Katowice op"]
[Site "Katowice"]
[Date "1992.??.??"]
[Round "3"]
[White "Shipov, Sergei"]
[Black "Czerwonski, Aleksander"]
[Result "0-1"]
[WhiteElo "2460"]
[BlackElo "2370"]

1.d4 d6 2.Nf3 Nf6 3.c4 g6 4.Nc3 Bg7 5.e4 O-O 6.Be2 e5 7.O-O Nc6 8.Be3 Ng4
9.Bg5 f6 10.Bc1 exd4 11.Nxd4 Nxd4 12.Qxd4 f5 13.Qd5+ Kh8 14.Bxg4 fxg4 15.Bg5 Qe8
16.Qd2 Be6 17.b3 Qf7 18.Bh6 Rae8 19.Bxg7+ Qxg7 20.Rad1 a6 21.Rfe1 Qe5 22.Qd3 Kg7
23.Re3 Rf7 24.Rde1 Ref8 25.R3e2 Rf3 26.Re3 Rxf2 27.a3 h5 28.Ne2 Kh7 29.Nd4 Bd7
30.b4 h4 31.Nf3 gxf3  0-1